Statistics for Tom Brady Quiz

Click here to take the quiz!

General Stats

  • This quiz has been taken 19 times
  • The average score is 14 of 19

Answer Stats

HintAnswer% Correct
Who was the slot WR who replaced Welker?Julian Edelman
94%
Who was Tom's favorite Tight End?Rob Gronkowski
94%
Who was Tom's former coach?Bill Belichick
88%
Which rival QB beat him in Super Bowl XLII?Eli Manning
88%
What team did Tom beat in the 2020 Super Bowl?Kansas City Chiefs
88%
What team did he beat in his first Super Bowl?St. Louis Rams
88%
What team is he on now?Tampa Bay Buccaneers
88%
What year was he drafted?2000
81%
Who was the starting qb before him?Drew Bledsoe
81%
Who served as a backup of Tom when he was suspended?Jimmy Garoppolo
81%
Who was Tom's credited idol?Joe Montana
81%
Who was he drafted to?New England Patriots
81%
Who beat Tom in Super Bowl 2017?Philadelphia Eagles
75%
Why couldn't Tom play the first 4 weeks of 2018?Suspended
63%
Why was Tom Brady suspended?Deflate Gate
56%
What was the deficit that Tom had to comeback from?28-3
50%
Who was Tom's favorite target before he retired?Wes Welker
50%
What injury did Tom have in 2008?ACL tear
31%
Which college did he attend?Michigan Wolverines
31%

Score Distribution

Percentile by Number Answered

Percent of People with Each Score

Your Score History

You have not taken this quiz